Piero della Francesca / (Record no. 93224)

MARC details
000 -LEADER
campo de control de longitud fija 00627nam a2200217 i 4500
001 - NÚMERO DE CONTROL
campo de control 93224
003 - IDENTIFICADOR DE NÚMERO DE CONTROL
campo de control ES-MaACL
005 - FECHA Y HORA DE LA ÚLTIMA TRANSACCIÓN
campo de control 20250618142401.0
007 - CAMPO FIJO DE DESCRIPCIÓN FÍSICA--INFORMACIÓN GENERAL
campo de control de longitud fija t|
008 - DATOS DE LONGITUD FIJA--INFORMACIÓN GENERAL
campo de control de longitud fija 050408s1946 it af |||| |dita d
100 1# - ENTRADA PRINCIPAL--NOMBRE DE PERSONA
Nombre de persona Longhi, Roberto.
9 (RLIN) 73239
245 10 - MENCIÓN DEL TÍTULO
Título Piero della Francesca /
Mención de responsabilidad, etc. Roberto Longhi.
250 ## - MENCION DE EDICION
Mención de edición 2ª ed.
260 ## - PUBLICACIÓN, DISTRIBUCIÓN, ETC.
Lugar de publicación, distribución, etc. Milano :
Nombre del editor, distribuidor, etc. Ulrico Hoepli,
Fecha de publicación, distribución, etc. 1946.
300 ## - DESCRIPCIÓN FÍSICA
Extensión 201 p., lám. I-CCVII ;
Dimensiones 28 cm.
490 1# - MENCIÓN DE SERIE
Mención de serie Antichi Maestri Italiani
600 04 - PUNTO DE ACCESO ADICIONAL DE MATERIA--NOMBRE DE PERSONA
Nombre de persona Piero della Francesca,
Fechas asociadas al nombre 1416?-1492
9 (RLIN) 91947
830 0# - PUNTO DE ACCESO ADICIONAL DE SERIE-TÍTULO UNIFORME
Título uniforme Antichi Maestri Italiani
9 (RLIN) 232082
852 ## - LOCALIZACIÓN
Ubicación ES-MaACL
Número de control de estantería A-170
Holdings
Estatus retirado Estado de pérdida Estado de daño No para préstamo Biblioteca de origen Biblioteca actual Ubicación en estantería Fecha de adquisición Fuente de adquisición Total de préstamos Signatura topográfica completa Código de barras Visto por última vez Precio de reemplazo Tipo de ítem Koha
        Biblioteca del Ateneo de Madrid Biblioteca del Ateneo de Madrid Sala Pecera Planta 1 17/01/2008     A-170 1097309 23/02/2023 23/02/2023 Libro impreso